000 00580nam a2200217Ia 4500
005 20250508164219.0
008 008 250505s9999 xx 000 0 eng d
020 _a1-59454-332-1
037 _aReference
040 _aFEDL
_beng
_cFEDL
041 _aeng
_2eng
084 _a378, NAT
_qFEDL
100 _aNata R. Ed.
_9777710
245 0 _aIssues in higher education
260 _aNew York, USA
_bNova Science Publishers
_c2005
300 _ax,222p
365 _aUSD
_b98
650 _aHigher education
942 _cREF
_h378, NAT
999 _c1387572
_d1387572